000 00414nam a2200157Ia 4500
005 20241120041603.0
008 240331s9999 xx 000 0 und d
082 _bSIV
_a894
100 _aSivathamby, K
245 0 _aLiterary history in Tamil :
_ba historiographical analysis
260 _aIndia
_bTamil University
_c1986
300 _aVIII, 200 P .,
650 _aHistory
650 _aTamil Literary
942 _cL
999 _c3386
_d3386